000 00540nam a2200217Ia 4500
003 OSt
005 20220928143446.0
006 a|||||r|||| 00| 0
007 ta
008 220927b |||||||| |||| 00| 0 eng d
024 _a22177
037 _cTextual
040 _aSDCL
_cSDCL
_beng
041 _2eng
_aeng
082 _aO15,1D05:g, 15K3
100 _aShastri Haridutt
245 0 _aMahakavi Ashavagosha.
260 _c1963
942 _hO15,1D05:g, 15K3
_cTEXL
_2CC
999 _c824187
_d824187